Geographie nach Breitengrad - 30°N - Statistiken

Allgemein
  • Dieses Quiz wurde 18 mal gespielt
  • Das Durchschnittsergebnis liegt bei 16 aus 18
Antwortstatistiken
Antwort % Korrekt
6 Ägypten
94%
17 China
94%
15 Indien
94%
10 Iran
94%
7 Israel
94%
4 Libyen
94%
3 Marokko
94%
14 Pakistan
94%
13 Afghanistan
88%
5 Algerien
88%
12 Irak
88%
8 Jordanien
88%
9 Saudi-Arabien
88%
18 Japan
82%
2 Vereinigte Staaten
82%
11 Kuwait
76%
1 Mexiko
76%
16 Nepal
71%
Keine übereinstimmenden Quizze gefunden
Verteilung der Resultate
Anzahl Personen mit jedem Resultat
Perzentil nach korrekt beantworteten Fragen
Ihre Resultats-Entwicklung
Sie haben dieses Quiz noch nicht gespielt